01375nam a22003374a 4500001001200000003000800012006001900020007001500039008004100054010001700095020002800112040002100140035002100161050002300182082002000205245016100225260003900386300001500425504005100440533015200491600003600643650004000679651005500719655002900774700002000803700003300823700002300856710001700879856012600896999001501022ebr10005697CaPaEBRm u cr cn|||||||||991018s2000 ctu sb 001 0 eng  z 99054740  z0275968677 (alk. paper) aCaPaEBRcCaPaEBR a(OCoLC)17914124214aJK511b.G48 2000eb04a973.4/1/09222100aGeorge Washington and the origins of the American presidencyh[electronic resource] /cedited by Mark J. Rozell, William D. Pederson, and Frank J. Williams. aWestport, Conn. :bPraeger,c2000. axv, 210 p. aIncludes bibliographical references and index. aElectronic reproduction.bPalo Alto, Calif. :cebrary,d2013.nAvailable via World Wide Web.nAccess may be limited to ebrary affiliated libraries.10aWashington, George,d1732-1799. 0aPresidentszUnited StatesxHistory. 0aUnited StatesxPolitics and governmenty1789-1797. 7aElectronic books.2local1 aRozell, Mark J.1 aPederson, William D.,d1946-1 aWilliams, Frank J.2 aebrary, Inc.40uhttp://site.ebrary.com/lib/rucke/Doc?id=10005697zAn electronic book accessible through the World Wide Web; click to view c3403d3403